Normal view
MARC view
- Aslam, Adnan
Entry Personal Name
001 - CONTROL NUMBER
- control field: 16945
003 - CONTROL NUMBER IDENTIFIER
- control field: NUST
005 - DATE AND TIME OF LATEST TRANSACTION
- control field: 20190707114434.0
008 - FIXED-LENGTH DATA ELEMENTS
- fixed length control field: 190707|| aca||aabn | a|a d
040 ## - CATALOGING SOURCE
- Original cataloging agency: NUST
- Transcribing agency: NUST
100 ## - HEADING--PERSONAL NAME
- Personal name: Aslam, Adnan
670 ## - SOURCE DATA FOUND
- Source citation: Work cat.: (NUST): Aslam, Adnan, The Noether Symmetries and Invariants of Some Partial Differential Equations /, 2014.
